[Event "77th ch-ARM 1st League"]
[Site "Yerevan ARM"]
[Date "2016.11.05"]
[Round "12.2"]
[White "Yegiazaryan, Armenak"]
[Black "Babujian, Levon"]
[Result "0-1"]
[BlackTitle "GM"]
[WhiteElo "2243"]
[BlackElo "2465"]
[WhiteFideId "13303082"]
[BlackFideId "13301993"]
[EventDate "2016.10.24"]

1. e4 e5 2. Nf3 Nc6 3. Bb5 a6 4. Ba4 Nf6 5. O-O Be7 6. Re1 b5 7. Bb3 O-O 8. a4
Bb7 9. d3 d5 10. axb5 axb5 11. Rxa8 Bxa8 12. Nc3 dxe4 13. dxe4 Bb4 14. Bg5 Qxd1
15. Rxd1 Bxc3 16. bxc3 Nxe4 17. Rd7 Nxc3 18. Rxc7 Ne2+ 19. Kf1 Ned4 20. Nxd4
Nxd4 21. Be7 Re8 22. Ba2 Be4 23. Bd6 Bg6 24. c3 Nc2 25. Ke2 e4 26. Rb7 e3 27.
Rb8 Rxb8 28. Bxb8 Be4 29. f3 Bf5 30. Bd6 g5 31. g4 Be6 32. Bxe6 fxe6 33. Kd3
Ne1+ 34. Kxe3 Kf7 35. Ke4 h6 36. Bc5 Nc2 37. Kd3 Ne1+ 38. Ke4 Ng2 39. Bd6 Ne1
40. Bg3 Nc2 41. Kd3 Na3 42. Kd4 Nc4 43. Kc5 Nd2 44. Kxb5 Nxf3 45. c4 Ke7 46. c5
Nd4+ 47. Kb6 Kd7 48. Be5 Nf3 49. Bg3 Nd4 50. Kb7 Nc6 51. Bd6 e5 52. Bf8 e4 53.
Bd6 Na5+ 54. Kb8 e3 55. Bg3 e2 56. h4 Nb3 57. hxg5 hxg5 58. c6+ Kxc6 59. Kc8 Nc5
60. Kd8 Nd3 61. Ke7 e1=Q+ 62. Bxe1 Nxe1 63. Kf6 Nf3 64. Ke6 Kc5 0-1

[Event "77th ch-ARM 1st League"]
[Site "Yerevan ARM"]
[Date "2016.11.05"]
[Round "12.3"]
[White "Hakobyan, Aram"]
[Black "Mikaelyan, Arman"]
[Result "0-1"]
[WhiteTitle "FM"]
[BlackTitle "IM"]
[WhiteElo "2417"]
[BlackElo "2449"]
[WhiteFideId "13306677"]
[BlackFideId "13304852"]
[EventDate "2016.10.24"]

1. Nf3 Nf6 2. g3 g6 3. b3 Bg7 4. Bb2 O-O 5. Bg2 b6 6. O-O Bb7 7. d4 c5 8. dxc5
bxc5 9. c4 d6 10. Nc3 Nbd7 11. Qc2 a5 12. Rad1 Ra6 13. Ne1 Qb8 14. a4 Ne5 15.
Nb5 Bxg2 16. Nxg2 Nc6 17. Ne3 Nb4 18. Qb1 Qc8 19. Bxf6 Bxf6 20. Nd5 Nxd5 21.
Rxd5 Qg4 22. e3 h5 23. Qd1 Qc8 24. Qf3 Kg7 25. Kg2 Be5 26. Qe2 Rh8 27. f4 Bf6
28. h3 e6 29. Rd3 d5 30. Qf3 dxc4 31. Nd6 Rxd6 32. Rxd6 cxb3 33. Rc6 Qb7 34.
Rxc5 Qb4 35. Rb5 Qxa4 36. Rb7 b2 37. e4 Qc2+ 38. Kh1 Rd8 39. e5 Be7 40. f5 gxf5
41. Rxe7 b1=Q 42. Rxf7+ Kg8 0-1

[Event "77th ch-ARM 1st League"]
[Site "Yerevan ARM"]
[Date "2016.11.05"]
[Round "12.5"]
[White "Hayrapetyan, Hovik"]
[Black "Martirosyan, Haik M."]
[Result "1-0"]
[WhiteTitle "GM"]
[BlackTitle "IM"]
[WhiteElo "2468"]
[BlackElo "2470"]
[WhiteFideId "13302639"]
[BlackFideId "13306553"]
[EventDate "2016.10.24"]

1. Nf3 Nf6 2. g3 b5 3. Bg2 Bb7 4. O-O e6 5. b3 g6 6. c4 bxc4 7. bxc4 Bg7 8. Bb2
d6 9. d3 O-O 10. Nbd2 c5 11. Rb1 Bc6 12. Bc3 Nbd7 13. Nb3 Rb8 14. Qc1 Qc7 15. e4
e5 16. Nh4 Qd8 17. Bh3 Nh5 18. Ng2 f5 19. exf5 gxf5 20. f4 Qe7 21. Qe3 Rbe8 22.
Rbe1 Qf7 23. Qd2 exf4 24. Bxg7 Rxe1 25. Qxe1 Qxg7 26. Nxf4 Nxf4 27. Rxf4 Ne5 28.
Qf1 Qg5 29. d4 Ng6 30. Rxf5 Qe3+ 31. Qf2 Qe4 32. Rxf8+ Nxf8 33. Bg2 Qb1+ 34. Qf1
Qxf1+ 35. Kxf1 Ba4 36. dxc5 Bxb3 37. axb3 dxc5 38. Ke2 Kf7 39. Ke3 Nd7 40. Ke4
Nb6 41. Ke5 Ke7 42. Bc6 1-0

[Event "77th ch-ARM 1st League"]
[Site "Yerevan ARM"]
[Date "2016.11.05"]
[Round "12.6"]
[White "Hovhannisyan, Karen G."]
[Black "Bakunts, Rafael"]
[Result "0-1"]
[WhiteElo "2251"]
[BlackElo "2396"]
[WhiteFideId "13306618"]
[BlackFideId "13304097"]
[EventDate "2016.10.24"]

1. d4 d5 2. Bf4 Nf6 3. e3 c5 4. Nf3 Nc6 5. c3 Qb6 6. Qb3 c4 7. Qxb6 axb6 8. Na3
Na7 9. Nd2 b5 10. f3 Bf5 11. g4 Bg6 12. h4 h6 13. Be2 e6 14. b4 Kd7 15. Nf1 Kc6
16. Kd2 Nc8 17. Nc2 Bd6 18. Ng3 Nd7 19. Rhe1 Bxf4 20. exf4 Nd6 21. Ne3 Ra3 22.
f5 exf5 23. Ngxf5 Bxf5 24. Nxf5 Nxf5 25. gxf5 Kd6 26. Rg1 Ke7 27. Rxg7 Kf6 28.
Rgg1 Nb6 29. Bd1 Rha8 30. Bc2 Na4 31. Bxa4 R3xa4 32. a3 Rxa3 33. Rxa3 Rxa3 34.
Rg8 Ra2+ 35. Kc1 Kxf5 36. Rd8 Ke6 37. Re8+ Kf5 38. Rd8 Kf4 39. Rxd5 Ke3 40. Kb1
Rf2 41. Re5+ Kd3 42. d5 Kxc3 43. d6 Kb3 44. Kc1 c3 45. Rd5 Ra2 46. Kd1 c2+ 47.
Kd2 Ra1 0-1

[Event "77th ch-ARM 1st League"]
[Site "Yerevan ARM"]
[Date "2016.11.05"]
[Round "12.7"]
[White "Shahinyan, David"]
[Black "Torosyan, Norayr"]
[Result "1-0"]
[WhiteTitle "IM"]
[WhiteElo "2431"]
[BlackElo "2386"]
[WhiteFideId "13304380"]
[BlackFideId "13300431"]
[EventDate "2016.10.24"]

1. e4 e5 2. Nf3 Nc6 3. d4 exd4 4. Nxd4 Bc5 5. Be3 Qf6 6. c3 Nge7 7. Bc4 b6 8.
O-O Bb7 9. Nb3 Bxe3 10. fxe3 Qg5 11. Bxf7+ Kd8 12. Qe2 Ne5 13. N1d2 c5 14. c4
Kc7 15. Bd5 Raf8 16. Rxf8 Rxf8 17. Rf1 Rxf1+ 18. Nxf1 Ba6 19. Nbd2 Qf6 20. b3
Nc8 21. Qh5 Nd6 22. Nf3 Nxf3+ 23. gxf3 Qb2 24. e5 Nc8 25. f4 Qxa2 26. Qf7 Qxb3
27. e6 Qa4 28. Qxg7 Bxc4 29. Bxc4 Qxc4 30. Qxd7+ Kb8 31. e7 Nxe7 32. Qxe7 a5 33.
Qf8+ Kb7 34. Qg7+ Kc6 35. f5 a4 36. f6 Qc3 37. Qh6 1-0

[Event "77th ch-ARM 1st League"]
[Site "Yerevan ARM"]
[Date "2016.11.06"]
[Round "13.1"]
[White "Babujian, Levon"]
[Black "Shahinyan, David"]
[Result "1/2-1/2"]
[WhiteTitle "GM"]
[BlackTitle "IM"]
[WhiteElo "2465"]
[BlackElo "2431"]
[WhiteFideId "13301993"]
[BlackFideId "13304380"]
[EventDate "2016.10.24"]

1. e4 e6 2. d4 d5 3. Nc3 Bb4 4. exd5 exd5 5. Bd3 Nc6 6. Ne2 Nge7 7. Bg5 f6 8.
Bf4 Bxc3+ 9. bxc3 Bf5 10. O-O O-O 11. c4 Kh8 12. Rb1 b6 13. Be3 Bxd3 14. Qxd3
dxc4 15. Qxc4 Qd5 16. Qa4 Qa5 17. Qb3 Nd5 18. c4 Nxe3 19. fxe3 Rfe8 20. Rf3 Qd2
21. Rb2 Qe1+ 22. Rf1 Qh4 23. Nf4 Re4 24. Rbf2 Rae8 25. Rf3 Qg4 26. Rg3 Qd7 27.
Nh5 Rg4 28. Rh3 Qe7 29. Qc2 Qe4 30. Qf2 Na5 31. Rc1 c5 32. dxc5 bxc5 33. Ng3 Qd3
34. e4 Rg5 35. Qc2 Rd8 36. Rh4 Qxc2 37. Rxc2 Rd4 38. Rf4 Re5 39. Rb2 h6 40. Nf5
Rdxe4 41. Rxe4 Rxe4 42. Rb5 Nxc4 43. Rxc5 Nd2 44. Rd5 Re5 45. Rd8+ Kh7 46. Nxg7
Ne4 47. Ne8 Kg6 48. h3 Ra5 49. Rd4 Kf5 50. a4 Ke5 51. Rb4 f5 52. Kh2 f4 53. Ng7
Ng3 54. h4 Rd5 55. Kh3 h5 56. Rb1 Rd3 57. Kh2 Kf6 58. Ne8+ Kf5 59. Ng7+ Kf6 60.
Ne8+ Kf5 61. Ng7+ Kg4 62. Ne6 Rd2 63. Ng5 Rf2 64. Nf3 Rf1 65. Rxf1 Nxf1+ 66. Kg1
Ne3 67. Kf2 Nd1+ 68. Ke1 Nb2 69. Kf2 Nd1+ 70. Ke1 Nb2 71. Kf2 Nd3+ 72. Kf1 Kg3
73. a5 a6 74. Nd4 Kxh4 75. Ke2 Ne5 76. Kf2 Kg4 77. Ne6 Nd3+ 78. Ke2 Nb2 79. Nc5
Kg3 80. Kf1 Nc4 81. Ne4+ Kg4 82. Kf2 Nxa5 83. Nc5 Nc4 84. Nxa6 Nd6 85. Nc5 h4
86. Ne6 Ne4+ 87. Kg1 Ng3 88. Nd4 Ne4 89. Kh2 Nd2 90. Ne2 Nf1+ 91. Kg1 Ng3 92.
Nd4 Nh5 93. Kh2 Nf6 94. Ne2 Ne4 95. Nd4 Ng5 96. Ne2 Ne6 97. Nc3 Ng5 98. Kg1 Kf5
99. Ne2 Ke4 100. Kf2 h3 101. gxh3 Nxh3+ 102. Kf1 f3 103. Nc3+ Kf4 104. Nd5+ Kg3
105. Nc3 Kf4 106. Nd5+ Ke4 107. Nf6+ Kf5 108. Nd5 Ke5 109. Ne3 Kf4 110. Nd5+ Kg3
111. Nc3 Ng5 112. Ne2+ 1/2-1/2

[Event "77th ch-ARM 1st League"]
[Site "Yerevan ARM"]
[Date "2016.11.06"]
[Round "13.2"]
[White "Bakunts, Rafael"]
[Black "Hakobyan, Aram"]
[Result "0-1"]
[BlackTitle "FM"]
[WhiteElo "2396"]
[BlackElo "2417"]
[WhiteFideId "13304097"]
[BlackFideId "13306677"]
[EventDate "2016.10.24"]

1. e4 e5 2. Nf3 Nc6 3. Bb5 a6 4. Ba4 Nf6 5. O-O Be7 6. Re1 b5 7. Bb3 d6 8. c3
O-O 9. h3 Nb8 10. d4 Nbd7 11. Nbd2 Bb7 12. Bc2 Re8 13. a4 Bf8 14. Bd3 c6 15. b3
Qc7 16. Bb2 g6 17. Qc2 Bg7 18. axb5 axb5 19. Rxa8 Bxa8 20. c4 bxc4 21. Nxc4 exd4
22. Bxd4 c5 23. Bc3 d5 24. exd5 Rxe1+ 25. Nxe1 Nxd5 26. Bxg7 Kxg7 27. Be4 N7f6
28. Bxd5 Bxd5 29. Nd3 Nd7 30. Qc3+ Kg8 31. Ne3 Be6 32. Ng4 h5 33. Nge5 Nxe5 34.
Nxe5 Bxb3 35. Nxg6 fxg6 36. Qxb3+ c4 37. Qc3 Kf7 38. Kf1 Ke6 39. Ke2 Qe5+ 40.
Qxe5+ Kxe5 41. h4 Ke4 42. Kd2 Kd4 43. Kc2 c3 44. f3 Ke5 45. g4 g5 0-1

[Event "77th ch-ARM 1st League"]
[Site "Yerevan ARM"]
[Date "2016.11.06"]
[Round "13.3"]
[White "Mikaelyan, Arman"]
[Black "Hayrapetyan, Hovik"]
[Result "0-1"]
[WhiteTitle "IM"]
[BlackTitle "GM"]
[WhiteElo "2449"]
[BlackElo "2468"]
[WhiteFideId "13304852"]
[BlackFideId "13302639"]
[EventDate "2016.10.24"]

1. Nf3 c5 2. g3 b6 3. Bg2 Bb7 4. O-O Nf6 5. c4 e6 6. b3 Be7 7. Bb2 O-O 8. e3 d5
9. Nc3 Nc6 10. cxd5 Nxd5 11. Nxd5 Qxd5 12. d4 Rfd8 13. Ne5 Qxg2+ 14. Kxg2 Nxe5+
15. f3 cxd4 16. exd4 Ng4 17. Qe2 Nf6 18. d5 Nxd5 19. Kh3 a5 20. Rfd1 a4 21. Bd4
b5 22. bxa4 bxa4 23. Rab1 Ba6 24. Qe4 Bf8 25. Rbc1 Rac8 26. Rxc8 Rxc8 27. Rb1 a3
28. f4 Nb4 29. g4 Nxa2 30. Qe5 Nc1 31. Rb8 Nd3 32. Qa5 Nxf4+ 33. Kg3 Ne2+ 34.
Kf2 Rxb8 35. Ba7 Ra8 36. Qxa6 Nc3 37. Ke1 a2 38. Kd2 Nb5 39. Qxa2 Rxa7 40. Qb3
Rd7+ 41. Ke1 Nd4 42. Qb8 Nf3+ 43. Ke2 Nd4+ 44. Kf2 Rd5 45. h3 g6 46. Qc8 Kg7 47.
Kg2 Be7 48. Qb7 Bf6 49. Kg3 g5 50. Kf2 Rb5 51. Qd7 h6 52. Ke3 Rb3+ 53. Kf2 Rxh3
54. Kg2 Rd3 55. Qb7 Ne2 56. Kf2 Nf4 57. Qc7 Bd4+ 58. Ke1 Rg3 59. Qd7 Bf6 60. Kf2
Rxg4 61. Qb7 Nd5 62. Kf3 Rb4 63. Qc6 Rb8 64. Kg4 Rh8 65. Kh5 Nf4+ 66. Kg4 Rh7
67. Qb7 h5+ 68. Kf3 h4 69. Kg4 h3 70. Kg3 Ne2+ 71. Kh2 Be5+ 72. Kh1 Ng3+ 73. Kh2
Ne4+ 74. Kh1 Nf2+ 0-1

[Event "77th ch-ARM 1st League"]
[Site "Yerevan ARM"]
[Date "2016.11.06"]
[Round "13.4"]
[White "Martirosyan, Haik M."]
[Black "Kalashian, David"]
[Result "1/2-1/2"]
[WhiteTitle "IM"]
[BlackTitle "IM"]
[WhiteElo "2470"]
[BlackElo "2358"]
[WhiteFideId "13306553"]
[BlackFideId "13302418"]
[EventDate "2016.10.24"]

1. d4 Nf6 2. c4 e6 3. Nf3 b6 4. g3 Ba6 5. b3 Bb4+ 6. Bd2 Be7 7. Bc3 c6 8. Nbd2
d5 9. Ne5 O-O 10. Bg2 Nfd7 11. Nd3 Nf6 12. e4 Nbd7 13. O-O Rc8 14. Re1 c5 15. e5
Ne8 16. dxc5 Nxc5 17. Nxc5 Bxc5 18. Qg4 Kh8 19. Rad1 f5 20. Qh5 Nc7 21. Nf3 Qe8
22. Qxe8 Rcxe8 23. Bf1 dxc4 24. bxc4 Rd8 25. Nd4 Bb7 26. Nb3 Ba3 27. Bg2 Ba6 28.
Bf1 Bb7 29. Bg2 Ba6 30. Bf1 Bb7 1/2-1/2

[Event "77th ch-ARM 1st League"]
[Site "Yerevan ARM"]
[Date "2016.11.06"]
[Round "13.6"]
[White "Petrosyan, Manuel"]
[Black "Hovhannisyan, Karen G."]
[Result "1-0"]
[WhiteTitle "IM"]
[WhiteElo "2530"]
[BlackElo "2251"]
[WhiteFideId "13300857"]
[BlackFideId "13306618"]
[EventDate "2016.10.24"]

1. d4 Nf6 2. c4 g6 3. g3 Bg7 4. Bg2 O-O 5. Nc3 d6 6. Nf3 Nc6 7. O-O a6 8. Bd2
Bg4 9. d5 Bxf3 10. exf3 Nd4 11. Be3 Nf5 12. Bg5 h6 13. Bd2 Nd7 14. Bh3 c5 15.
Bxf5 gxf5 16. Qc2 e6 17. f4 Re8 18. a4 Nf6 19. Qd3 Qc7 20. Rad1 Rad8 21. b3 Re7
22. h3 Qc8 23. Be3 Ne8 24. Kh2 e5 25. fxe5 dxe5 26. f4 e4 27. Qd2 Nd6 28. a5
Rde8 29. Rfe1 Qc7 30. Na4 Bd4 31. Bxd4 cxd4 32. Qxd4 Qxa5 33. c5 Nb5 34. Qe3 1-0